<?xml version="1.0" encoding="UTF-8"?>
<collection xmlns="http://www.loc.gov/MARC21/slim">
  <record>
    <leader>00000nam  2200000   4500</leader>
    <controlfield tag="001">INLIS000000000002844</controlfield>
    <controlfield tag="005">20180724150723</controlfield>
    <controlfield tag="008">180724|||||||||   |   |||   |||| ||   | </controlfield>
    <datafield tag="035" ind1=" " ind2=" ">
      <subfield code="0">010-0718002844</subfield>
    </datafield>
    <datafield tag="041" ind1=" " ind2=" ">
      <subfield code="a">id</subfield>
    </datafield>
    <datafield tag="082" ind1=" " ind2=" ">
      <subfield code="a">00477</subfield>
    </datafield>
    <datafield tag="090" ind1=" " ind2=" ">
      <subfield code="a">00477 Gun d</subfield>
    </datafield>
    <datafield tag="100" ind1=" " ind2=" ">
      <subfield code="a">Gunadi.; Sutiono</subfield>
    </datafield>
    <datafield tag="245" ind1=" " ind2=" ">
      <subfield code="a">Mendayagunakan Printer EPSON LQ-1050</subfield>
    </datafield>
    <datafield tag="260" ind1=" " ind2=" ">
      <subfield code="a">Jakarta</subfield>
      <subfield code="b">PT.Elex Meda Computind</subfield>
      <subfield code="c">1991</subfield>
    </datafield>
    <datafield tag="300" ind1=" " ind2=" ">
      <subfield code="a">X.; 149 hlm.; ilus.; 21 cm.</subfield>
    </datafield>
    <datafield tag="500" ind1=" " ind2=" ">
      <subfield code="a">Buku ini ditulis dengan tujuan agar para pemakai printer dapat mendayagunakan printer dot matriks 24 pin (LQ-1050+) acara maksimal. Printer ini dapat menghasilkan aneka macam jenis huruf dengan menggunakan kemampuan SelecType, memiliki fasilitas penyobekan kertas yang mampu menggunakan kertas berikutnya setelah penyobekan kertas dilakukan dan lain-lain. Buku ini juga dapat digunakan oleh pemakai LQ-1050 (132 kolom) maupun LQ-850 (80 kolom).</subfield>
    </datafield>
    <datafield tag="650" ind1=" " ind2=" ">
      <subfield code="a">Komputer</subfield>
    </datafield>
  </record>
</collection>
